| 000 | 00661nam a22001337a 4500 | ||
|---|---|---|---|
| 040 | _cRUA | ||
| 082 | _aAGR ROE 2013 B053 Or.1 | ||
| 100 | _aROEUN, VANNA. | ||
| 245 | _affusarium management on tomato seedbed in greedhouse condition (វិធានការកម្ចាត់ផ្សិតហ្វុយសារីយ៉ូមលើថ្នាលបណ្តុះកូនប៉េងប៉ោះក្នុងលក្ខខណ្ឌផ្ទះកញ្ចក់) | ||
| 260 |
_aPhnom Penh _bRUA _c2013 |
||
| 300 |
_axiii, 55p. _bill. _c29cm. |
||
| 856 | _uhttps://drive.google.com/file/d/1YdC_Iv6Cy5zaaAaL5db8FpZRThRjH-4Z/view?usp=sharing | ||
| 942 | _cAGR | ||
| 999 |
_c1212 _d1212 |
||